000 00516nam a2200193 a 4500
001 1770381888588
003 YourLibrary
005 20260206181647.0
008 260206s2006##################000#0#eng##
020 _a9780415394901
082 0 4 _a306.0972
_bWAS
100 1 _aWashbrook, Sarah,
_eauthor.
245 1 0 _aRural Chiapas Ten Years After the Zapatista Uprising :
260 _c2006.
300 _a278 pages
650 0 _aPolitical Science.
942 _cENGLISH
040 _aYourLibrary
_beng
_cYourLibrary
999 _c610727
_d610727